000 01862nam2a2200313 4500
001 RU\NLR\BIBL_A\010568369
005 20260409075324.0
010 _a978-5-98980-037-7
_9100
021 _aRU
_b2014-77150
_94718
035 _a(NILC)RuMoRGB-006704259
035 _a(NLR Aleph) 010568369
090 _a10413687
_c10413687
100 _a20140124d2014 |||y0rusy50 ca
101 0 _arus
102 _aRU
105 _ay z 100yy
200 1 _aИнновации в управлении. Инновации в воспитании
210 _d2014
_aБ. м.
215 _a127 с.
461 0 _1001RU\NLR\BIBL_A\010586331
_12000#$aИнновации в образовании: опыт реализации$eматериалы V Межрегиональной заочной научно-практической конференции (г. Кемерово, апрель 2014 года)$f[отв. ред. И.В. Ионас]$vЧ. 2
_910483916
_cКемерово
_d2014
_f[отв. ред. И.В. Ионас]
_nМБОУ ДПО "Научно-методический центр"
_oматериалы V Межрегиональной заочной научно-практической конференции (г. Кемерово, апрель 2014 года)
_tИнновации в образовании: опыт реализации
_vЧ. 2
517 1 _aИнновации в воспитании
606 1 _aПедагогическое образование
_xКачество
_xУправление
_yРоссийская Федерация
_92430052
_3RU\NLR\AUTH\661446474
606 _aДети
_xВоспитание
_jСъезды, совещания и т.п
_3RU\NLR\AUTH\661449061
_92435031
686 1 _aЧ313я431
686 1 _aЧ459.511.28я431
942 _cBOOK
980 _aNB